|
|
|
|
| LEADER |
00000nab a2200000 ar4500 |
| 001 |
vtls009089010 |
| 003 |
SK-MaSNL |
| 005 |
20260303210316.0 |
| 008 |
070824c2007 xo mr|p|||||||000 b|slo |
| 015 |
|
|
|a SNBRB2007/08
|
| 038 |
|
|
|a SNSK
|
| 040 |
|
|
|a SNSK
|b slo
|c SNSK
|e AACR2
|
| 041 |
|
|
|a slo
|
| 044 |
|
|
|a xo
|c SK
|
| 080 |
|
|
|a 78.079
|2 2001
|
| 080 |
|
|
|a 784.66
|2 2001
|
| 245 |
0 |
0 |
|a Hodokvas
|b jeden z najväčších slovenských hudobných festivalov je za nami, hudobné leto odštartovalo výborne
|c [autor]-HEĎ-
|
| 300 |
|
|
|b Fotogr.
|
| 611 |
2 |
7 |
|a Hodokvas
|n (8. :
|d 2007 :
|c Piešťany, Slovensko)
|2 snsk
|9 1192458
|
| 650 |
0 |
7 |
|a hudobné festivaly
|2 snsk
|9 2958
|
| 651 |
|
7 |
|a Piešťany (Slovensko)
|2 snsk
|9 23981
|
| 773 |
0 |
|
|t Život
|g Roč. 57, č.(2007), s.
|x 0139-6323
|
| 852 |
|
|
|a SNSK
|b KIS3GCP
|
| 958 |
|
|
|a SK
|
| 999 |
|
|
|c 2199731
|d 2201661
|